EToH Towers with Four-Letter Acronyms - Statistics

General Stats
  • This quiz has been taken 75 times
    26 since last reset
  • The average score is 17 of 21
Answer Stats
Acronym Tower % Correct
ToFaCT Tower of Frightening and Confusing Trials
100%
ToRoMW Tower of Rain on My World
100%
ToCaUP Tower of Cruel and Unusual Punishment
95%
ToPHaT Tower of Peaceful Happiness and Tranquility
95%
ToTINT Tower of There Is No Tower
95%
ToCBTS Tower of Calm Before The Storm
90%
ToNGUE Tower of Never Giving Up, Ever
90%
ToOTTF Tower of One Two Three Four
90%
ToTUTU Tower of The Umbrella, The User
90%
ToBBBB Tower of Big Blocky Beefy Buttons
86%
ToBIBI Tower of Break It, Buy It
81%
ToBaBT Tower of Brutal and Bizarre Torment
81%
ToCIAD Tower of Call It A Day
76%
ToTaSM Tower of Time and Space Manipulation
76%
ToVITE Tower of Voyaging Into The Earth
76%
ToFaST Tower of Fun and Simple Trials
71%
ToSaPS Tower of Swift and Precise Sections
71%
ToYLFW Tower of You're Late For Work
67%
ToABCD Tower of Arrantly Bodeful Cavern Depths
62%
ToFFEE Tower of Fleeing From Everything Ending
62%
ToSSSS Tower of Super Stupid Security Systems
62%
No matching quizzes found
Score Distribution
Percent of People with Each Score
Percentile by Number Answered
Your Score History
You have not taken this quiz since the last reset